Estudio médico-legal de la Pasión de Jesucristo / (Record no. 30823)

MARC details
000 -LEADER
campo de control de longitud fija 00593nam a2200169 i 4500
001 - NÚMERO DE CONTROL
campo de control 30823
003 - IDENTIFICADOR DE NÚMERO DE CONTROL
campo de control ES-MaACL
005 - FECHA Y HORA DE LA ÚLTIMA TRANSACCIÓN
campo de control 20230906154247.0
007 - CAMPO FIJO DE DESCRIPCIÓN FÍSICA--INFORMACIÓN GENERAL
campo de control de longitud fija t|
008 - DATOS DE LONGITUD FIJA--INFORMACIÓN GENERAL
campo de control de longitud fija 030127s1940 sp ||||1| spa d
100 1# - ENTRADA PRINCIPAL--NOMBRE DE PERSONA
Nombre de persona Bartolomé y Relimpio, Jesús de.
9 (RLIN) 26178
245 10 - MENCIÓN DEL TÍTULO
Título Estudio médico-legal de la Pasión de Jesucristo /
Mención de responsabilidad, etc. por Jesús de Bartolomé y Relimpio ; prólogo d Enrique Suñer y Ordoñez.
260 ## - PUBLICACIÓN, DISTRIBUCIÓN, ETC.
Lugar de publicación, distribución, etc. Madrid :
Nombre del editor, distribuidor, etc. [s.n.,
Fecha de publicación, distribución, etc. 1940] (
Fabricante Sucesores de Rivadeneyra)
300 ## - DESCRIPCIÓN FÍSICA
Extensión 159 p. ;
Dimensiones 24 cm.
700 0# - ENTRADA AGREGADA--NOMBRE PERSONAL
Nombre de persona Suñer Ordóñez, Enrique.
9 (RLIN) 108797
852 ## - LOCALIZACIÓN
Ubicación ES-MaACL
Número de control de estantería A-5171
Sublocalización o colección R.18118
Holdings
Estatus retirado Estado de pérdida Estado de daño No para préstamo Biblioteca de origen Biblioteca actual Ubicación en estantería Fecha de adquisición Fuente de adquisición Total de préstamos Signatura topográfica completa Código de barras Visto por última vez Precio de reemplazo Tipo de ítem Koha
        Biblioteca del Ateneo de Madrid Biblioteca del Ateneo de Madrid Sala Pecera Planta 1 17/01/2008     A-5171 1031838 23/02/2023 23/02/2023 Libro impreso